[Event "1. Bundesliga 2018/2019"]
[Site "St. Veit an der Glan"]
[Date "2018.11.15"]
[Round "1"]
[Board "5"]
[White "Naumann, Alexander"]
[Black "Anistratov, Dmitrij"]
[Result "1/2-1/2"]
[WhiteElo "2541"]
[BlackElo "2298"]
[PlyCount "97"]
[EventDate "2018.11.15"]
[EventType "team"]
[EventRounds "11"]
[EventCountry "AUT"]
[WhiteTeam "SC MPOE Maria Saal"]
[BlackTeam "Schachclub Sparkasse Goetzis"]

1.e4 d6 2.d4 Nf6 3.Nc3 e5 4.Nge2 Be7 5.g3 c6 6.a4 Qc7 7.Bg2 Nbd7 8.O-O b6 9.h3 h5
10.Be3 a6 11.f4 Bb7 12.Qd2 O-O 13.Nd1 Rfe8 14.Nf2 exd4 15.Bxd4 c5 16.Bxf6 Nxf6 17.Nc3
c4 18.Rfe1 Bf8 19.Nd5 Bxd5 20.exd5 Qc5 21.c3 Rab8 22.Bf3 Rxe1+ 23.Rxe1 b5 24.axb5
Rxb5 25.Re2 h4 26.gxh4 Nxd5 27.Bxd5 Qxd5 28.Qxd5 Rxd5 29.Ne4 Rd1+ 30.Kg2 f6 31.Rd2
Rb1 32.f5 Kf7 33.h5 a5 34.Nf2 Re1 35.Ng4 a4 36.Kf3 Rh1 37.Rh2 Rd1 38.Ne3 Rd3 39.Ke4
a3 40.bxa3 Rxc3 41.Ra2 d5+ 42.Nxd5 Rxh3 43.Ne3 c3 44.a4 Bc5 45.Nc4 Rxh5 46.a5 g6 47.fxg6+
Kxg6 48.Rc2 Kf7 49.Rxc3 1/2-1/2

[Event "1. Bundesliga 2018/2019"]
[Site "St. Veit an der Glan"]
[Date "2018.11.15"]
[Round "1"]
[Board "6"]
[White "Mueller, Philipp"]
[Black "Halvax, Georg"]
[Result "0-1"]
[WhiteElo "2175"]
[BlackElo "2405"]
[PlyCount "80"]
[EventDate "2018.11.15"]
[EventType "team"]
[EventRounds "11"]
[EventCountry "AUT"]
[WhiteTeam "Schachclub Sparkasse Goetzis"]
[BlackTeam "SC MPOE Maria Saal"]

1.c4 e6 2.g3 d5 3.Bg2 Nf6 4.Nf3 Be7 5.O-O O-O 6.b3 c5 7.cxd5 exd5 8.d4 b6 9.Bb2 Bb7
10.Nc3 Nbd7 11.Qc2 Rc8 12.Rad1 Qc7 13.Rd2 Rfd8 14.Rfd1 a6 15.e3 c4 16.bxc4 Qxc4 17.Ne5
Qb4 18.Nd3 Qa5 19.Qb3 Ne4 20.Rc2 Ndf6 21.Ne5 Qb4 22.Rdc1 Qxb3 23.axb3 Nxc3 24.Rxc3
Rxc3 25.Rxc3 Rc8 26.f3 Bb4 27.Rxc8+ Bxc8 28.Nd3 Be7 29.e4 a5 30.h3 Ba6 31.Ne1 Be2
32.exd5 Bd1 33.b4 Bxb4 34.Nd3 Bd6 35.Nf2 Bb3 36.Ne4 Ne8 37.Nxd6 Nxd6 38.Ba3 Nb5 39.Be7
Bxd5 40.Bd8 a4 0-1

[Event "1. Bundesliga 2018/2019"]
[Site "St. Veit an der Glan"]
[Date "2018.11.15"]
[Round "1"]
[Board "1"]
[White "Dragnev, Valentin"]
[Black "Michalik, Peter"]
[Result "1/2-1/2"]
[WhiteElo "2514"]
[BlackElo "2577"]
[PlyCount "87"]
[EventDate "2018.11.15"]
[EventType "team"]
[EventRounds "11"]
[EventCountry "AUT"]
[WhiteTeam "mpimmo Wien - SK Ottakring"]
[BlackTeam "SK Mayrhofen/Zell/Zillertal"]

1.d4 d5 2.c4 dxc4 3.Nf3 Nf6 4.Nc3 a6 5.e4 b5 6.e5 Nd5 7.a4 c6 8.axb5 Nxc3 9.bxc3 cxb5
10.Ng5 f6 11.Qf3 Ra7 12.Ne4 f5 13.Ng5 e6 14.h4 Qd7 15.Be3 Nc6 16.d5 Qxd5 17.Qxd5 exd5
18.Bxa7 Nxa7 19.O-O-O Bc5 20.Nh3 Be6 21.Nf4 Kf7 22.Nxd5 Bxf2 23.Nc7 Rc8 24.Nxa6 Nc6
25.Be2 Nxe5 26.Kb2 Bg3 27.Nb4 Nd7 28.Bf3 Nc5 29.Bd5 Nd3+ 30.Nxd3 Bxd5 31.Ne5+ Ke6
32.Nf3 Bxf3 33.gxf3 h5 34.Rd2 Ke5 35.Rg2 f4 36.Rd2 Rc5 37.Rd7 Kf6 38.Ra1 Rc6 39.Rd5
Bxh4 40.Rxh5 Bg5 41.Ra5 Rb6 42.Kc2 Kg6 43.Rh1 Bf6 44.Rg1+ 1/2-1/2

[Event "1. Bundesliga 2018/2019"]
[Site "St. Veit an der Glan"]
[Date "2018.11.15"]
[Round "1"]
[Board "2"]
[White "Votava, Jan"]
[Black "Banusz, Tamas"]
[Result "1/2-1/2"]
[WhiteElo "2518"]
[BlackElo "2614"]
[PlyCount "77"]
[EventDate "2018.11.15"]
[EventType "team"]
[EventRounds "11"]
[EventCountry "AUT"]
[WhiteTeam "SK Mayrhofen/Zell/Zillertal"]
[BlackTeam "mpimmo Wien - SK Ottakring"]

1.Nf3 d5 2.g3 g6 3.Bg2 Bg7 4.d4 Nf6 5.c4 c6 6.cxd5 cxd5 7.Ne5 Ne4 8.Nd2 Nxd2 9.Bxd2
O-O 10.Qb3 e6 11.O-O Qb6 12.Qxb6 axb6 13.f4 Nc6 14.e3 f6 15.Nd3 Bd7 16.Rfc1 Rfc8 17.g4
Bf8 18.h4 h6 19.Kf2 Kg7 20.Bc3 Na7 21.a3 Nb5 22.Bb4 Bxb4 23.Nxb4 Nd6 24.Bf3 Kf8 25.Rg1
Ke7 26.Rac1 Rxc1 27.Rxc1 Rc8 28.Rxc8 Bxc8 29.b3 g5 30.fxg5 fxg5 31.hxg5 hxg5 32.Na2
Bd7 33.Nc3 Nb5 34.Nxb5 Bxb5 35.e4 Bc6 36.Ke3 b5 37.e5 b4 38.axb4 b5 39.Kd2 1/2-1/2

[Event "1. Bundesliga 2018/2019"]
[Site "St. Veit an der Glan"]
[Date "2018.11.15"]
[Round "1"]
[Board "3"]
[White "Papp, Gabor"]
[Black "Lanka, Zigurds"]
[Result "1-0"]
[WhiteElo "2598"]
[BlackElo "2403"]
[PlyCount "49"]
[EventDate "2018.11.15"]
[EventType "team"]
[EventRounds "11"]
[EventCountry "AUT"]
[WhiteTeam "mpimmo Wien - SK Ottakring"]
[BlackTeam "SK Mayrhofen/Zell/Zillertal"]

1.e4 c5 2.Nf3 e6 3.d4 cxd4 4.Nxd4 a6 5.c4 b6 6.Nc3 Bb7 7.Bd3 g6 8.O-O Bg7 9.Be3 Ne7
10.f4 Nbc6 11.Nf3 O-O 12.Qe2 d5 13.cxd5 exd5 14.Rad1 dxe4 15.Bxe4 Qc7 16.f5 gxf5 17.Nd5
Nxd5 18.Bxd5 Ne7 19.Bb3 Ng6 20.Ng5 Qe7 21.Rxf5 Ne5 22.Qc2 Rfc8 23.Rxf7 Nxf7 24.Qxh7+
Kf8 25.Ne6+ 1-0

[Event "1. Bundesliga 2018/2019"]
[Site "St. Veit an der Glan"]
[Date "2018.11.15"]
[Round "1"]
[Board "4"]
[White "Maiwald, Jens-Uwe"]
[Black "Stohl, Igor"]
[Result "1/2-1/2"]
[WhiteElo "2432"]
[BlackElo "2489"]
[PlyCount "60"]
[EventDate "2018.11.15"]
[EventType "team"]
[EventRounds "11"]
[EventCountry "AUT"]
[WhiteTeam "SK Mayrhofen/Zell/Zillertal"]
[BlackTeam "mpimmo Wien - SK Ottakring"]

1.Nf3 Nf6 2.g3 g6 3.Bg2 Bg7 4.O-O d5 5.c3 O-O 6.d3 b6 7.a4 a5 8.Na3 Bb7 9.Bf4 Nbd7
10.d4 Ne4 11.Nd2 Nd6 12.Bxd6 cxd6 13.Qb3 Nf6 14.c4 dxc4 15.Ndxc4 d5 16.Nd2 Ne4 17.Rfd1
Nxd2 18.Rxd2 Rc8 19.e3 e6 20.Bf1 Bf6 21.Rdd1 Qd6 22.Nb5 Qb8 23.Rac1 Rxc1 24.Rxc1 Rc8
25.Rxc8+ Bxc8 26.Qc2 Bd7 27.b3 Bd8 28.f4 Bxb5 29.Bxb5 Qc7 30.Qxc7 Bxc7 1/2-1/2

[Event "1. Bundesliga 2018/2019"]
[Site "St. Veit an der Glan"]
[Date "2018.11.15"]
[Round "1"]
[Board "5"]
[White "Schneider-Zinner, Harald"]
[Black "Hausner, Ivan"]
[Result "1-0"]
[WhiteElo "2400"]
[BlackElo "2349"]
[PlyCount "103"]
[EventDate "2018.11.15"]
[EventType "team"]
[EventRounds "11"]
[EventCountry "AUT"]
[WhiteTeam "mpimmo Wien - SK Ottakring"]
[BlackTeam "SK Mayrhofen/Zell/Zillertal"]

1.d4 d6 2.g3 Nf6 3.Nf3 Nbd7 4.Bg2 e5 5.O-O c6 6.c4 e4 7.Nfd2 d5 8.cxd5 cxd5 9.Nc3
Bb4 10.Qb3 Bxc3 11.bxc3 O-O 12.c4 Re8 13.a4 Nb6 14.c5 Nbd7 15.Nb1 h6 16.Nc3 Nb8 17.Bf4
Nc6 18.e3 a6 19.Rfb1 Na5 20.Qb6 Qxb6 21.Rxb6 Be6 22.Bc7 Nc6 23.Bd6 Na5 24.Bc7 Nc6
25.Rab1 Ra7 26.Bd6 Na5 27.Bc7 Nc6 28.Bf1 Rc8 29.Bd6 Na5 30.Be2 Raa8 31.Kg2 Ne8 32.g4
Nf6 33.Kg3 Nd7 34.Rxb7 Nxb7 35.Rxb7 Nf6 36.h4 g5 37.hxg5 hxg5 38.Rb6 a5 39.Be7 Nd7
40.Rd6 Nxc5 41.dxc5 Rxc5 42.Nb5 Rc1 43.Nd4 Rg1+ 44.Kh2 Ra1 45.Bb5 Kg7 46.Nxe6+ fxe6
47.Bxg5 Rf8 48.Bf4 Kf6 49.Kg2 Rg8 50.g5+ Kf5 51.Bd7 Rg6 52.Rxd5+ 1-0

[Event "1. Bundesliga 2018/2019"]
[Site "St. Veit an der Glan"]
[Date "2018.11.15"]
[Round "1"]
[Board "6"]
[White "Tabernig, Bernhard"]
[Black "Bauer, Thomas"]
[Result "1-0"]
[WhiteElo "2296"]
[BlackElo "2185"]
[PlyCount "103"]
[EventDate "2018.11.15"]
[EventType "team"]
[EventRounds "11"]
[EventCountry "AUT"]
[WhiteTeam "SK Mayrhofen/Zell/Zillertal"]
[BlackTeam "mpimmo Wien - SK Ottakring"]

1.d4 g6 2.c4 Nf6 3.Nc3 Bg7 4.e4 d6 5.Nf3 O-O 6.Be2 Nbd7 7.O-O e5 8.d5 Nc5 9.Qc2 a5
10.Bg5 h6 11.Be3 Qe7 12.Nd2 Kh7 13.a3 h5 14.b4 Na6 15.Qb3 Bh6 16.Bxh6 Kxh6 17.Rfc1
b6 18.Na4 Kg7 19.c5 Nd7 20.cxb6 cxb6 21.Bb5 Nab8 22.Qe3 f5 23.Rc7 axb4 24.axb4 Na6
25.Rc4 fxe4 26.Bxd7 Bxd7 27.Nxb6 Bb5 28.Nxa8 Bxc4 29.Nxc4 Rxa8 30.Qb6 Nc7 31.Rxa8
Nxa8 32.Qxd6 Qxd6 33.Nxd6 Nb6 34.Nxe4 Nxd5 35.b5 Kf8 36.g3 Ke7 37.Kf1 Kd8 38.Ke2 Nb4
39.Kd2 Kc7 40.Kc3 Nd5+ 41.Kc4 Ne7 42.Kc5 h4 43.gxh4 Nf5 44.b6+ Kd7 45.Nf6+ Kc8 46.h5
gxh5 47.Nxh5 Nd4 48.Nf6 Nf3 49.h3 Ng1 50.Kc6 e4 51.b7+ Kb8 52.Nd7+ 1-0

[Event "1. Bundesliga 2018/2019"]
[Site "St. Veit an der Glan"]
[Date "2018.11.16"]
[Round "2"]
[Board "1"]
[White "Bindrich, Falko"]
[Black "Michalik, Peter"]
[Result "1/2-1/2"]
[WhiteElo "2609"]
[BlackElo "2577"]
[PlyCount "82"]
[EventDate "2018.11.15"]
[EventType "team"]
[EventRounds "11"]
[EventCountry "AUT"]
[WhiteTeam "SK Hohenems"]
[BlackTeam "SK Mayrhofen/Zell/Zillertal"]

1.c4 e6 2.Nc3 d5 3.d4 Be7 4.cxd5 exd5 5.Bf4 c6 6.e3 Bf5 7.g4 Be6 8.h3 Nd7 9.Bd3 h5
10.gxh5 Ngf6 11.h6 g6 12.Qd2 b5 13.Nf3 b4 14.Na4 Ne4 15.Bxe4 dxe4 16.Ne5 Nxe5 17.Bxe5
Rxh6 18.Nc5 Bxc5 19.dxc5 Qxd2+ 20.Kxd2 O-O-O+ 21.Bd6 Rh5 22.Kc2 Rf5 23.Rh2 Rh8 24.Rah1
Rh4 25.a3 b3+ 26.Kd2 g5 27.Rd1 g4 28.hxg4 Rxh2 29.gxf5 Rxf2+ 30.Ke1 Rxf5 31.Rd4 Rg5
32.Rxe4 Rg1+ 33.Kf2 Rc1 34.Rb4 Rc2+ 35.Ke1 Rxb2 36.Rb8+ Kd7 37.Rb7+ Kd8 38.Rb8+ Bc8
39.Be5 Rb1+ 40.Kd2 Kd7 41.Kc3 Rc1+ 1/2-1/2

[Event "1. Bundesliga 2018/2019"]
[Site "St. Veit an der Glan"]
[Date "2018.11.16"]
[Round "2"]
[Board "2"]
[White "Votava, Jan"]
[Black "Martinovic, Sasa"]
[Result "1/2-1/2"]
[WhiteElo "2518"]
[BlackElo "2555"]
[PlyCount "67"]
[EventDate "2018.11.15"]
[EventType "team"]
[EventRounds "11"]
[EventCountry "AUT"]
[WhiteTeam "SK Mayrhofen/Zell/Zillertal"]
[BlackTeam "SK Hohenems"]

1.d4 Nf6 2.Nf3 d5 3.c3 Bf5 4.Qb3 Qc8 5.Bg5 c6 6.Nbd2 Nbd7 7.e3 h6 8.Bh4 e6 9.Be2 Bd6
10.Bg3 Bxg3 11.hxg3 O-O 12.c4 Qc7 13.O-O Rfe8 14.Rfc1 Qb6 15.Qa3 a5 16.Qc3 Ra7 17.b3
Qb4 18.Qb2 Qe7 19.a3 Rea8 20.Qc3 Ne4 21.Nxe4 Bxe4 22.Nd2 Bg6 23.Bd3 Bxd3 24.Qxd3 Nf6
25.Qc3 h5 26.Qd3 g6 27.Re1 Re8 28.c5 e5 29.dxe5 Qxe5 30.Qd4 Qf5 31.Qf4 Qc2 32.Qxf6
Qxd2 33.Rec1 Raa8 34.Qc3 1/2-1/2

[Event "1. Bundesliga 2018/2019"]
[Site "St. Veit an der Glan"]
[Date "2018.11.16"]
[Round "2"]
[Board "3"]
[White "Rozentalis, Eduardas"]
[Black "Lanka, Zigurds"]
[Result "1/2-1/2"]
[WhiteElo "2568"]
[BlackElo "2403"]
[PlyCount "83"]
[EventDate "2018.11.15"]
[EventType "team"]
[EventRounds "11"]
[EventCountry "AUT"]
[WhiteTeam "SK Hohenems"]
[BlackTeam "SK Mayrhofen/Zell/Zillertal"]

1.e4 c5 2.Nf3 Nc6 3.Bb5 g6 4.Bxc6 dxc6 5.d3 Bg7 6.Nc3 Nf6 7.h3 O-O 8.Be3 b6 9.Bf4
Ne8 10.Qd2 f6 11.Bh6 e5 12.Ne2 a5 13.a3 Qe7 14.O-O Be6 15.Bxg7 Nxg7 16.Qe3 a4 17.c3
Rfe8 18.Nd2 g5 19.d4 exd4 20.cxd4 cxd4 21.Nxd4 c5 22.Nxe6 Qxe6 23.f4 Nf5 24.Qf2 Nd4
25.Rae1 Kh8 26.Qg3 Ra7 27.fxg5 Rg7 28.Nf3 Nxf3+ 29.Qxf3 fxg5 30.Qc3 Qb3 31.Qf6 Qe6
32.e5 Kg8 33.Rd1 Rg6 34.Qf2 Qe7 35.Rd6 Re6 36.Qd2 Rxe5 37.Rxb6 Re1 38.Rxe1 Qxe1+ 39.Qxe1
Rxe1+ 40.Kf2 Rc1 41.Kf3 c4 42.Kg4 1/2-1/2

[Event "1. Bundesliga 2018/2019"]
[Site "St. Veit an der Glan"]
[Date "2018.11.16"]
[Round "2"]
[Board "4"]
[White "Maiwald, Jens-Uwe"]
[Black "Schneider, Ilja"]
[Result "0-1"]
[WhiteElo "2432"]
[BlackElo "2504"]
[PlyCount "52"]
[EventDate "2018.11.15"]
[EventType "team"]
[EventRounds "11"]
[EventCountry "AUT"]
[WhiteTeam "SK Mayrhofen/Zell/Zillertal"]
[BlackTeam "SK Hohenems"]

1.d4 d5 2.Bf4 Nf6 3.e3 c5 4.dxc5 Qa5+ 5.Nc3 e6 6.a3 Qxc5 7.Nb5 Na6 8.b4 Qb6 9.Nf3
Be7 10.Be5 O-O 11.Qd4 Bd7 12.Bd3 Rfc8 13.Qxb6 axb6 14.Nd6 Bxd6 15.Bxd6 Ne4 16.Be5
f6 17.Bb2 e5 18.c4 Nd6 19.cxd5 Nxb4 20.Bb1 Bb5 21.Nd2 Nc2+ 22.Bxc2 Rxc2 23.Rb1 Rac8
24.Kd1 Ba4 25.Ke2 Ne4 26.Rhd1 Rxb2 0-1

[Event "1. Bundesliga 2018/2019"]
[Site "St. Veit an der Glan"]
[Date "2018.11.16"]
[Round "2"]
[Board "5"]
[White "Henrichs, Thomas"]
[Black "Hausner, Ivan"]
[Result "1/2-1/2"]
[WhiteElo "2443"]
[BlackElo "2349"]
[PlyCount "185"]
[EventDate "2018.11.15"]
[EventType "team"]
[EventRounds "11"]
[EventCountry "AUT"]
[WhiteTeam "SK Hohenems"]
[BlackTeam "SK Mayrhofen/Zell/Zillertal"]

1.d4 d6 2.e4 Nf6 3.Nc3 c6 4.f4 Qa5 5.Bd3 e5 6.Nf3 exd4 7.Nxd4 g6 8.Nf3 Bg7 9.O-O O-O
10.Qe1 Nbd7 11.Kh1 Nc5 12.Be3 Re8 13.Bd4 Ne6 14.Bxf6 Bxf6 15.e5 Bg7 16.f5 gxf5 17.Bxf5
Nf8 18.Bxc8 Raxc8 19.Qg3 d5 20.Ne2 Ng6 21.Ned4 Bxe5 22.Nxe5 Rxe5 23.Nf5 Rf8 24.h4
h5 25.Qg5 Qb4 26.Qxh5 Rxf5 27.Rxf5 Qxh4+ 28.Qxh4 Nxh4 29.Rg5+ Ng6 30.Re1 Kg7 31.Rg3
Rh8+ 32.Rh3 Rd8 33.Ra3 a6 34.Rb3 Rd7 35.Re8 c5 36.Rb6 d4 37.Rc8 Rd5 38.Rxb7 Ne5 39.b3
Ng4 40.Rbc7 d3 41.cxd3 Nf2+ 42.Kh2 Nxd3 43.Ra8 Rd6 44.Rcc8 Nf4 45.Rxc5 Rd2 46.Rg5+
Kf6 47.Rg4 Kf5 48.Rg3 Rxa2 49.b4 Rb2 50.Rxa6 Rxb4 51.Rf3 Kg5 52.Ra5+ Kg6 53.Rg3+ Kf6
54.Ra6+ Ne6 55.Rf3+ Kg6 56.Ra8 f6 57.Ra6 Re4 58.Kg1 Re5 59.Kf2 Kf7 60.g3 Rb5 61.Re3
Ng5 62.Ra7+ Kg6 63.Ra2 Rb4 64.Kg2 Rb7 65.Ree2 Rb6 66.Ra8 Rc6 67.Rf2 Rb6 68.Rg8+ Kh7
69.Re8 Kg6 70.Rc2 Rb3 71.Re7 Ra3 72.Rce2 Ra6 73.R7e3 Rb6 74.Ra3 Rc6 75.Rb3 Ra6 76.Reb2
Ra4 77.Rb6 Ra3 78.Re2 Ra8 79.Rf2 Nh7 80.Rfb2 Ng5 81.Rf2 Nh7 82.Rb4 Ng5 83.Rbf4 Ra6
84.g4 Nh7 85.Rb4 Ng5 86.Rfb2 Ra3 87.R2b3 Ra2+ 88.Kg3 Ra1 89.Rb1 Ra3+ 90.R4b3 Ra4 91.Rb4
Ra3+ 92.R4b3 Ra4 93.Rb4 1/2-1/2

[Event "1. Bundesliga 2018/2019"]
[Site "St. Veit an der Glan"]
[Date "2018.11.16"]
[Round "2"]
[Board "6"]
[White "Tabernig, Bernhard"]
[Black "Baenziger, Fabian"]
[Result "0-1"]
[WhiteElo "2296"]
[BlackElo "2349"]
[PlyCount "66"]
[EventDate "2018.11.15"]
[EventType "team"]
[EventRounds "11"]
[EventCountry "AUT"]
[WhiteTeam "SK Mayrhofen/Zell/Zillertal"]
[BlackTeam "SK Hohenems"]

1.d4 Nf6 2.c4 g6 3.Nc3 Bg7 4.e4 d6 5.Nf3 O-O 6.Be2 e5 7.O-O Na6 8.Be3 Ng4 9.Bg5 Qe8
10.h3 exd4 11.Nd5 f6 12.Bc1 d3 13.Bxd3 Ne5 14.Nxe5 dxe5 15.c5 Rf7 16.Qc2 Be6 17.Bxa6
bxa6 18.Be3 f5 19.f3 f4 20.Bf2 g5 21.Rad1 h5 22.Rd2 g4 23.hxg4 hxg4 24.fxg4 Bxg4 25.g3
Bh3 26.Re1 Qe6 27.Qb3 Kh8 28.Rd3 Rg8 29.Nb4 Qg6 30.Nxa6 Bf6 31.Nb4 Bh4 32.c6 fxg3
33.Bxa7 Qxe4 0-1

[Event "1. Bundesliga 2018/2019"]
[Site "St. Veit an der Glan"]
[Date "2018.11.16"]
[Round "2"]
[Board "1"]
[White "Georgiadis, Nico"]
[Black "Dragnev, Valentin"]
[Result "1-0"]
[WhiteElo "2526"]
[BlackElo "2514"]
[PlyCount "94"]
[EventDate "2018.11.15"]
[EventType "team"]
[EventRounds "11"]
[EventCountry "AUT"]
[WhiteTeam "Schachclub Sparkasse Goetzis"]
[BlackTeam "mpimmo Wien - SK Ottakring"]

1.e4 c6 2.d4 d5 3.Nc3 dxe4 4.Nxe4 Nf6 5.Nxf6+ exf6 6.c3 Bd6 7.Bd3 O-O 8.Qc2 Re8+ 9.Ne2
h5 10.O-O h4 11.h3 Nd7 12.Be3 Nf8 13.Rad1 Bc7 14.c4 Qd6 15.Bf4 Qd8 16.Qd2 Ng6 17.Bxc7
Qxc7 18.Rfe1 Bd7 19.Nc3 Nf4 20.Bc2 Rxe1+ 21.Rxe1 Be6 22.b3 Rd8 23.Ne4 b6 24.Qe3 f5
25.Ng5 Qd6 26.Nf3 Ng6 27.Qg5 Qe7 28.Qxe7 Nxe7 29.Rd1 Ng6 30.Kf1 Kf8 31.Re1 a5 32.g3
b5 33.Bd3 bxc4 34.bxc4 Rb8 35.Ng5 Bc8 36.d5 Ba6 37.dxc6 Rc8 38.Bxf5 Bxc4+ 39.Kg1 Rxc6
40.Bd7 Ne7 41.Bxc6 Nxc6 42.Rc1 Bb5 43.Rc5 Nd4 44.Rd5 Ne2+ 45.Kh2 hxg3+ 46.fxg3 Bc6
47.Rc5 Bd7 1-0

[Event "1. Bundesliga 2018/2019"]
[Site "St. Veit an der Glan"]
[Date "2018.11.16"]
[Round "2"]
[Board "2"]
[White "Banusz, Tamas"]
[Black "Krassowizkij, Jaroslaw"]
[Result "1/2-1/2"]
[WhiteElo "2614"]
[BlackElo "2460"]
[PlyCount "79"]
[EventDate "2018.11.15"]
[EventType "team"]
[EventRounds "11"]
[EventCountry "AUT"]
[WhiteTeam "mpimmo Wien - SK Ottakring"]
[BlackTeam "Schachclub Sparkasse Goetzis"]

1.d4 Nf6 2.Nf3 g6 3.c4 Bg7 4.Nc3 d5 5.cxd5 Nxd5 6.e4 Nxc3 7.bxc3 c5 8.h3 O-O 9.Be2
Nc6 10.Be3 cxd4 11.cxd4 f5 12.Bc4+ Kh8 13.O-O f4 14.Bc1 Nxd4 15.Nxd4 Bxd4 16.Ba3 f3
17.Bxe7 Bxf2+ 18.Rxf2 Qxe7 19.Qd4+ Qg7 20.Rd1 Qxd4 21.Rxd4 b5 22.Bxb5 Rb8 23.a4 Kg7
24.Rc4 Rb7 25.Rc3 Re7 26.Rfxf3 Rxf3 27.Rxf3 Bd7 28.Bxd7 Rxd7 29.Rc3 Kf6 30.Rc5 Rd4
31.e5+ Ke6 32.Ra5 h5 33.Ra6+ Kf5 34.e6 Re4 35.Kf2 Rxe6 36.Rxa7 Re4 37.Kf3 Rb4 38.g4+
Kg5 39.Ra5+ Kh4 40.gxh5 1/2-1/2

[Event "1. Bundesliga 2018/2019"]
[Site "St. Veit an der Glan"]
[Date "2018.11.16"]
[Round "2"]
[Board "3"]
[White "Kvetny, Mark"]
[Black "Papp, Gabor"]
[Result "0-1"]
[WhiteElo "2409"]
[BlackElo "2598"]
[PlyCount "72"]
[EventDate "2018.11.15"]
[EventType "team"]
[EventRounds "11"]
[EventCountry "AUT"]
[WhiteTeam "Schachclub Sparkasse Goetzis"]
[BlackTeam "mpimmo Wien - SK Ottakring"]

1.c4 c5 2.Nf3 Nc6 3.d4 cxd4 4.Nxd4 Qb6 5.Nb3 Nf6 6.g3 e6 7.Bg2 Bb4+ 8.Nc3 Ne5 9.Be3
Qa6 10.Bd4 Nxc4 11.O-O e5 12.Nd5 Nxd5 13.Bxd5 exd4 14.Qxd4 Nb6 15.Qxg7 Rf8 16.e4 Be7
17.Rac1 Nxd5 18.exd5 Qf6 19.Qg4 h5 20.Qe2 Kd8 21.Qc4 Bd6 22.Nd2 b6 23.Ne4 Qg6 24.Qd4
Bb7 25.Nf6 Qf5 26.Rfe1 Rc8 27.Rxc8+ Kxc8 28.Ne8 Qg6 29.Nf6 Rd8 30.Qc4+ Kb8 31.Nxd7+
Ka8 32.Qa4 Bc7 33.Re8 Qb1+ 34.Kg2 Bxd5+ 35.Kh3 Qf5+ 36.Kh4 Rxe8 0-1

[Event "1. Bundesliga 2018/2019"]
[Site "St. Veit an der Glan"]
[Date "2018.11.16"]
[Round "2"]
[Board "4"]
[White "Blohberger, Felix"]
[Black "Kessler, Luca"]
[Result "0-1"]
[WhiteElo "2464"]
[BlackElo "2432"]
[PlyCount "154"]
[EventDate "2018.11.15"]
[EventType "team"]
[EventRounds "11"]
[EventCountry "AUT"]
[WhiteTeam "mpimmo Wien - SK Ottakring"]
[BlackTeam "Schachclub Sparkasse Goetzis"]

1.e4 d6 2.d4 Nf6 3.Bd3 e5 4.c3 Nc6 5.Nf3 Bg4 6.d5 Ne7 7.h3 Bd7 8.c4 Ng6 9.Nc3 Be7
10.g3 c5 11.h4 h5 12.Rb1 a5 13.b3 Qc8 14.Nh2 Bh3 15.Nf1 Bg2 16.Rh2 Bh3 17.Rh1 Bg2
18.Rg1 Bh3 19.Ne3 Nf8 20.a3 g6 21.Rh1 Bd7 22.f3 N8h7 23.Kd2 b6 24.Kc2 Kd8 25.Rh2 Rg8
26.Rb2 Ne8 27.Kb1 f5 28.Rbf2 Nhf6 29.Qc2 Ng7 30.Bb2 Kc7 31.f4 exf4 32.Rxf4 Ng4 33.Re2
g5 34.Rf1 fxe4 35.Bxe4 gxh4 36.gxh4 Rf8 37.Rxf8 Qxf8 38.Ka2 Bxh4 39.Nxg4 hxg4 40.Rh2
Qe7 41.Bd3 g3 42.Re2 Qf8 43.Re4 Bg5 44.Qg2 Nf5 45.Re6 Bf4 46.Rf6 Qxf6 47.Nb5+ Bxb5
48.Bxf6 Bd7 49.Bxf5 Bxf5 50.Qf3 Rg8 51.Qxf4 g2 52.Qxf5 g1=Q 53.Qh7+ Kc8 54.Qf5+ Kc7
55.Qh7+ Kb8 56.Qd7 Qh2+ 57.Bb2 Rc8 58.a4 Rc7 59.Qd8+ Kb7 60.Ka3 Rc8 61.Qd7+ Rc7 62.Qd8
Qf4 63.Qe8 Qf7 64.Qd8 Qe7 65.Qg8 Rc8 66.Qg6 Rf8 67.Qg3 Rf1 68.Qg2 Re1 69.Qg4 Re3 70.Ka2
Qh7 71.Qd1 Qf5 72.Ka3 Qh3 73.Qc2 Rd3 74.Ka2 Ka6 75.Qe2 Re3 76.Qf2 Qf3 77.Qh2 Qd1 0-1

[Event "1. Bundesliga 2018/2019"]
[Site "St. Veit an der Glan"]
[Date "2018.11.16"]
[Round "2"]
[Board "5"]
[White "Anistratov, Dmitrij"]
[Black "Stohl, Igor"]
[Result "1/2-1/2"]
[WhiteElo "2298"]
[BlackElo "2489"]
[PlyCount "60"]
[EventDate "2018.11.15"]
[EventType "team"]
[EventRounds "11"]
[EventCountry "AUT"]
[WhiteTeam "Schachclub Sparkasse Goetzis"]
[BlackTeam "mpimmo Wien - SK Ottakring"]

1.d4 Nf6 2.Nf3 e6 3.Bf4 d5 4.e3 Bd6 5.Ne5 O-O 6.Nd2 c5 7.c3 Qc7 8.Bg3 Nc6 9.Nxc6 Qxc6
10.Bd3 b6 11.Qe2 Bb7 12.Rd1 Rad8 13.O-O Qc7 14.Bxd6 Qxd6 15.f4 Nd7 16.a3 g6 17.Kh1
f6 18.e4 cxd4 19.cxd4 dxe4 20.Bxe4 Bxe4 21.Nxe4 Qe7 22.Rfe1 Rfe8 23.Nc3 Qf7 24.Qf3
f5 25.d5 exd5 26.Rxe8+ Rxe8 27.Nxd5 Nf6 28.Nxf6+ Qxf6 29.Qb3+ Qe6 30.Qxe6+ Rxe6 1/2-1/2

[Event "1. Bundesliga 2018/2019"]
[Site "St. Veit an der Glan"]
[Date "2018.11.16"]
[Round "2"]
[Board "6"]
[White "Schneider-Zinner, Harald"]
[Black "Mueller, Philipp"]
[Result "1-0"]
[WhiteElo "2400"]
[BlackElo "2175"]
[PlyCount "85"]
[EventDate "2018.11.15"]
[EventType "team"]
[EventRounds "11"]
[EventCountry "AUT"]
[WhiteTeam "mpimmo Wien - SK Ottakring"]
[BlackTeam "Schachclub Sparkasse Goetzis"]

1.d4 Nf6 2.c4 e6 3.Nc3 Bb4 4.Nf3 O-O 5.g3 d5 6.Bg2 c5 7.dxc5 Na6 8.O-O dxc4 9.Ne5
Nxc5 10.Nxc4 Bd7 11.Be3 Rc8 12.Nd6 Rc7 13.a3 Bxc3 14.Bxc5 Bc6 15.Bxc6 Rxc6 16.Nxb7
Qxd1 17.Rfxd1 Bxb2 18.Ra2 Be5 19.Bxf8 Kxf8 20.Na5 Rc3 21.Rd3 Rc5 22.Nb3 Rc4 23.Nd2
Rc5 24.Nf3 Bc7 25.Kg2 Bb6 26.a4 Nd5 27.Rb3 Nc3 28.Ra1 Nxe2 29.a5 Bxa5 30.Rb8+ Ke7
31.Rb7+ Kf6 32.Rxa7 Bc3 33.Rd1 Rd5 34.Rb1 Rd8 35.Rbb7 Rf8 36.Rc7 Bd4 37.Ra2 Nc3 38.Rc2
Nb5 39.Rb7 Na3 40.Rcc7 e5 41.g4 g6 42.Rc6+ Kg7 43.Ng5 1-0

[Event "1. Bundesliga 2018/2019"]
[Site "St. Veit an der Glan"]
[Date "2018.11.16"]
[Round "2"]
[Board "1"]
[White "Bosiocic, Marin"]
[Black "Ragger, Markus"]
[Result "0-1"]
[WhiteElo "2613"]
[BlackElo "2687"]
[PlyCount "106"]
[EventDate "2018.11.15"]
[EventType "team"]
[EventRounds "11"]
[EventCountry "AUT"]
[WhiteTeam "SV Pillenkoenig St. Veit"]
[BlackTeam "SC MPOE Maria Saal"]

1.d4 Nf6 2.c4 g6 3.Nc3 d5 4.Nf3 Bg7 5.Qb3 dxc4 6.Qxc4 O-O 7.e4 Nc6 8.Be2 e5 9.d5 Nd4
10.Nxd4 exd4 11.Qxd4 c6 12.d6 Re8 13.Qd3 b5 14.f3 Re6 15.Be3 Rxd6 16.Qc2 Nh5 17.O-O
Bd4 18.Bxd4 Rxd4 19.Rf2 Be6 20.Rd1 Nf4 21.Bf1 Rxd1 22.Nxd1 Qd4 23.Qc1 Rd8 24.Qxf4
Qxd1 25.b3 c5 26.h4 c4 27.bxc4 bxc4 28.Qf6 h5 29.Rb2 Rc8 30.Qc3 Qd6 31.a4 Kh7 32.a5
Rd8 33.Rb1 Qc5+ 34.Kh2 Qf2 35.Qf6 Re8 36.Rc1 Rc8 37.Bd3 Qd2 38.Rc3 Qb2 39.Bc2 Rd8
40.f4 Rd2 41.f5 gxf5 42.e5 Qxc3 43.Bxf5+ Kg8 44.Bxe6 fxe6 45.Qxe6+ Kf8 46.Qf6+ Ke8
47.Qc6+ Kd8 48.Qa8+ Kd7 49.Qxa7+ Ke6 50.Qb6+ Kxe5 51.Qc7+ Ke4 52.Qh7+ Ke3 53.Qxh5
Qf6 0-1